| 000 | 00495nam a22001577a 4500 | ||
|---|---|---|---|
| 090 | _c | ||
| 008 | 090202t xxu||||| |||| 00| 0 eng d | ||
| 020 | _a186152966X (pbk) | ||
| 082 |
_222 _a658.31 _bPRI |
||
| 245 |
_aHuman resource management in a business context / _cAlan Price. |
||
| 250 | _a2nd ed. | ||
| 260 |
_aAustralia ; _aUnited Kingdom ; _bThomson, _cc2004. |
||
| 300 |
_axix, _b745 p. ; _c26 cm. |
||
| 504 | _aIncludes bibliographical reference and index. | ||
| 942 |
_2ddc _cBB |
||
| 999 |
_c10595 _d10595 |
||